| 000 | 00496nam a22002057a 4500 | ||
|---|---|---|---|
| 003 | OSt | ||
| 005 | 20170105103440.0 | ||
| 008 | 120302t xxu||||| |||| 00| 0 eng d | ||
| 020 | _a9780716767640 | ||
| 040 |
_aASAB _cASAB |
||
| 050 | _a616.07 | ||
| 100 |
_aThomas J Kind _938 |
||
| 245 |
_aKuby Immunology _h |
||
| 260 |
_aNew york _bFreeman and Company _c2007 |
||
| 300 | _a574 | ||
| 440 |
_aKuby Immunology _939 |
||
| 600 |
_aKIND - Goldsby _940 |
||
| 650 |
_2Immunology _941 |
||
| 942 |
_2lcc _cBK |
||
| 999 |
_c16442 _d16442 |
||